Экономическая оценка инвестиций: практикум; учебно-методическое пособие
| Autore principale: | |
|---|---|
| Ente Autore: | |
| Altri autori: | |
| Riassunto: | Заглавие с титульного экрана В пособии изложены основные методические положения, необходимые для успешного решения практических задач по экономической оценке инвестиций. Содержит теоретические аспекты, контрольные вопросы, задачи и контрольные задания для индивидуального выполнения, необходимые для закрепления студентами теоретических знаний. Предназначено для студентов, обучающихся по направлению 080500 "Экономика и управление на предприятии (по отраслям)", а также может быть использовано студентами экономических специальностей и преподавателями высших и среднеспециальных учебных заведений. Режим доступа: из корпоративной сети ТПУ |
| Lingua: | russo |
| Pubblicazione: |
Томск, Изд-во ТПУ, 2012
|
| Soggetti: | |
| Accesso online: | http://www.lib.tpu.ru/fulltext2/m/2013/m088.pdf |
| Natura: | MixedMaterials Elettronico Libro |
| KOHA link: | https://koha.lib.tpu.ru/cgi-bin/koha/opac-detail.pl?biblionumber=235144 |
MARC
| LEADER | 00000nlm0a2200000 4500 | ||
|---|---|---|---|
| 001 | 235144 | ||
| 005 | 20231226133111.0 | ||
| 035 | |a (RuTPU)RU\TPU\book\256273 | ||
| 090 | |a 235144 | ||
| 100 | |a 20130405d2012 m y0rusy50 ca | ||
| 101 | 0 | |a rus | |
| 102 | |a RU | ||
| 105 | |a a j 001zy | ||
| 135 | |a drgn ---uucaa | ||
| 181 | 0 | |a i | |
| 182 | 0 | |a b | |
| 200 | 1 | |a Экономическая оценка инвестиций |e практикум |e учебно-методическое пособие |f А. В. Антошкина, Е. М. Вершкова |g Национальный исследовательский Томский политехнический университет (ТПУ), Институт природных ресурсов (ИПР), Кафедра экономики природных ресурсов (ЭПР) | |
| 203 | |a Текст |c электронный | ||
| 210 | |a Томск |c Изд-во ТПУ |d 2012 | ||
| 300 | |a Заглавие с титульного экрана | ||
| 330 | |a В пособии изложены основные методические положения, необходимые для успешного решения практических задач по экономической оценке инвестиций. Содержит теоретические аспекты, контрольные вопросы, задачи и контрольные задания для индивидуального выполнения, необходимые для закрепления студентами теоретических знаний. Предназначено для студентов, обучающихся по направлению 080500 "Экономика и управление на предприятии (по отраслям)", а также может быть использовано студентами экономических специальностей и преподавателями высших и среднеспециальных учебных заведений. | ||
| 333 | |a Режим доступа: из корпоративной сети ТПУ | ||
| 337 | |a Adobe Reader | ||
| 452 | 1 | |0 (RuTPU)RU\TPU\book\257094 |t Экономическая оценка инвестиций. Практикум |o учебно-методическое пособие |f А. В. Антошкина, Е. М. Вершкова |g Национальный исследовательский Томский политехнический университет (ТПУ) |c Томск |n Изд-во ТПУ |d 2012 |p 78 с. |a Антошкина, Анна Владимировна | |
| 606 | 1 | |a Инвестиции |2 stltpush |3 (RuTPU)RU\TPU\subj\36163 |9 57637 | |
| 610 | 1 | |a электронный ресурс | |
| 610 | 1 | |a труды учёных ТПУ | |
| 610 | 1 | |a учебные пособия | |
| 610 | 1 | |a экономическая эффективность | |
| 610 | 1 | |a инвестиционные проекты | |
| 610 | 1 | |a риски | |
| 610 | 1 | |a экономическая оценка | |
| 610 | 1 | |a практикумы | |
| 610 | 1 | |a оценка | |
| 686 | |a У9(2)0-56я73 |2 rubbk | ||
| 700 | 1 | |a Антошкина |b А. В. |c экономист |c доцент Томского политехнического университета, кандидат экономических наук |f 1976- |g Анна Владимировна |3 (RuTPU)RU\TPU\pers\26224 | |
| 701 | 1 | |a Вершкова |b Е. М. |c специалист в области нефтегазового дела |c старший преподаватель Томского политехнического университета |f 1981- |g Елена Михайловна |3 (RuTPU)RU\TPU\pers\27710 |9 12784 | |
| 712 | 0 | 2 | |a Национальный исследовательский Томский политехнический университет (ТПУ) |b Институт природных ресурсов (ИПР) |b Кафедра экономики природных ресурсов (ЭПР) |3 (RuTPU)RU\TPU\col\18668 |
| 801 | 1 | |a RU |b 63413507 |c 20130405 | |
| 801 | 2 | |a RU |b 63413507 |c 20140519 |g RCR | |
| 856 | 4 | |u http://www.lib.tpu.ru/fulltext2/m/2013/m088.pdf | |
| 942 | |c CF | ||